=LDR 00000nam 2200000 4500 =001 INLIS000000000031989 =005 20130612134027 =008 ***********************************2** =035 ##$$0010-061300000031989 =041 ##$$a 2 =082 ##$$a 028.55 =090 ##$$a 028.55, Put y =100 ##$$a Putranto, Erwin Adi =245 ##$$a Yunanai kuno, Erwin Adi Putranto =260 ##$$a 2007 $b Semarang =300 ##$$a 54 hlm, Ilus, 21 cm =650 ##$$a Bacaan Kanak-Kanak =850 ##$$a NBPNMAT